Statistics for Most Corrupt Countries In Europe

Click here to take the quiz!

General Stats

  • This quiz has been taken 80 times
  • The average score is 13 of 14

Answer Stats

IndexCountry% Correct
30Russia
99%
32Ukraine
97%
38Serbia
95%
41Belarus
93%
45Romania
93%
35Albania
92%
42Bulgaria
92%
39Kosovo
92%
35Bosnia and Herzegovina
90%
36Moldova
88%
39North Macedonia
88%
41Hungary
85%
46Montenegro
85%
47Greece
84%

Score Distribution

Percentile by Number Answered

Percent of People with Each Score

Your Score History

You have not taken this quiz